000 00206nam a22000977a 4500
003 OSt
008 191106b ||||| |||| 00| 0 eng d
100 _aGandhi,M K.
_94546
245 _aHindu Dharma
942 _cBK
999 _c16102
_d16102